1131 1177 1894 1821 1122 1380 1259 1758 1065 1234 1848 1226 1747 1168 1735 1812 1360 1454 1348 1294 1178 1767 1050 1853 1581 1486 1959 1777 1962 1173 1760 1564 1974 1374 1292 1793 1342 1908 1084 1508 1847 1092 1705 1510 1814 1364 1668 1694 1946 1964 1737 1709 1316 1471 1376 1065 1973 1028 1026 1344 1222 1414 1637 1532 1175 1821 1252 1991 1145 1970 1440 1745 1192 1089 1311 1059 1142 1424 1581 1361 1452 1668 1711 1273 1119 1378 1276 1971 1896 1688 1494 1740 1220 1414 1119 1557 1958 1275 1883 BCNSPRNW ULIB Ver.6.0+V

เปลี่ยนเป็นภาษาไทย

Change to English
 แสดงรายละเอียดบรรณานุกรม
  กลับหน้าหลัก

Brief Record : Get Marc (ISO 2709) : E-mail record : QR code < ปิดหน้าต่าง
LEADER : 00000nam 2200000uu 4500
001    13399127225
003     ULIB
008    200227s2560||||th 000 0 tha d
020    ^a9786169313946
060  0 ^aWY100^bศ122ก
100 0  ^aศธัญญา ธิติศักดิ์
245 10 ^aการจัดการเรียนการสอนเพื่อควบคุมการบริโภคยาสูบ :^bหมวดวิชาการพยาบาลพื้นฐาน /^cศธัญญา ธิติศักดิ์ ; บรรณาธิการ, สุปาณีเสนาดิสัย, สุรินธร กลัมพากร
250    ^aพิมพ์ครั้งที่ 1
260    ^aกรุงเทพฯ :^bบริษัทเบญจผล จำกัด,^c2560.
300    ^a97 หน้า :^bภาพประกอบ ;^c26 ซม.
650  4 ^aการพยาบาลพื้นฐาน
650  4 ^aการศึกษาพยาบาล^xหลักสูตร
650  4 ^aการสูบบุหรี่^xการป้องกันและควบคุม
650  4 ^aพยาบาล, การศึกษา
700 0  ^aสุปาณี เสนาดิสัย, ^eบรรณาธิการ
700 0  ^aสุรินธร กลัมพากร, ^eบรรณาธิการ
710 2  ^aเครือข่ายพยาบาลเพื่อการควบคุมยาสูบแห่งประเทศไทย
710 2  ^aสภากาชาดไทย.^bสถาบันการพยาบาลศรีสวรินทิรา
945    ^p0^l0^i006399
999    ^aประนอม เกษจรัล
รายการนี้ยังไม่มีแท็ก
คุณยังไม่ได้ล็อกอิน คุณสามารถมีกิจกรรมร่วมกับเว็บไซต์ได้ แต่ต้องล็อกอินก่อน ::
  ล็อกอิน

รายการสื่อสารสนเทศ

ลำดับที่ ประเภท เลขเรียก/บาร์โค้ด สถานที่ สถานะ
1. Book การพยาบาล
หนังสือสำรอง
สถานะ=หนังสือสำรอง
WY100 ศ122ก ฉ.1 
  Barcode: 006399
ห้องสมุดวิทยาเขตสวรรค์ประชารักษ์
►หนังสือทั่วไป
บนชั้น

รายการใกล้เคียง
    หัวเรื่อง [การพยาบาลพื้นฐาน]
    หัวเรื่อง [พยาบาล, การศึกษา]

BibComment


ยังไม่เคยถูกคอมเมนท์

คอมเมนท์ทรัพยากรรายการนี้
  คอมเมนท์: การจัดการเรียนกา..


 Copyright 2026. Bcnsprnw @Library